Normal view MARC view

Entry Topical Term

Number of records used in: 1

001 - CONTROL NUMBER

  • control field: 970107

003 - CONTROL NUMBER IDENTIFIER

  • control field: OSt

005 - DATE AND TIME OF LATEST TRANSACTION

  • control field: 20260121113222.0

008 - FIXED-LENGTH DATA ELEMENTS

  • fixed length control field: 260121|| aca||aabn | a|a d

040 ## - CATALOGING SOURCE

  • Original cataloging agency: OSt
  • Transcribing agency: OSt

150 ## - HEADING--TOPICAL TERM

  • Topical term or geographic name entry element: Physics

670 ## - SOURCE DATA FOUND

  • Source citation: Work cat.: (OSt)1549542: Matsuda S Et Al 970106, Perspectives on Particle Physics: from Mesons and Resonances to Quarks and Strings - Festschrift in Honor of Professor H Miyazawa
Copyright @ Delhi University Library System